000 00327nam a2200133Ia 4500
008 240624s9999 xx 000 0 und d
041 _aeng
082 _a150 GOS
100 _aGOSLING EMILY
245 _aGREAT MINDS DON T THINK A LIKE DISCOVER
260 _c2018
_aLondon
_bilex
300 _a125 p.; 23 cm.
365 _c
_b33
999 _c32251
_d32251